Animals by Picture - E - Statistics

General Stats
  • This quiz has been taken 86 times
  • The average score is 11 of 16
Answer Stats
Picture Answer % Correct
Elephant
100%
Eagle
99%
Elk
93%
Emu
92%
Earthworm
89%
Eel
89%
Emperor Penguin
83%
Echidna
75%
Elephant Seal
75%
Earwig
72%
Egret
48%
Ermine
40%
Eland
32%
Elephant Shrew
27%
Eider
23%
Emperor Tamarin
19%
No matching quizzes found
Score Distribution
Percent of People with Each Score
Percentile by Number Answered
Your Score History
You have not taken this quiz